00358nam a2200133Ia 4500008004100000020001500041041001200056082001600068100001700084245005700101260004300158300000800201650001500209221030s9999 xx 000 0 und d a8122406599 aEnglish a105.23bRao aY. V. C. Rao 0aTheory & Problems of Thermodynamicscby Y. V. C. Rao bNew Age InternationalaNew Delhic2000 a423 aMechanical